1981 1459 1634 1590 1006 1654 1624 1387 1962 1088 1468 1955 1291 1471 1566 1008 1155 1476 1414 1705 1556 1673 1631 1318 1217 1255 1227 1916 1408 1028 1242 1520 1505 1186 1062 1339 1250 1799 1071 1473 1524 1975 1938 1269 1278 1319 1335 1917 1835 1759 1995 1515 1109 1126 1430 1470 1328 1705 1335 1612 1272 1133 1769 1448 1153 1500 1305 1393 1328 1596 1118 1712 1511 1713 1391 1460 1254 1270 1643 1628 1926 1944 1143 1645 1856 1229 1307 1421 1357 1664 1458 1411 1717 1736 1400 1155 1491 1557 1436 BCNSPRNW ULIB Ver.6.0+V

เปลี่ยนเป็นภาษาไทย

Change to English
 แสดงรายละเอียดบรรณานุกรม
  กลับหน้าหลัก

Brief Record : Get Marc (ISO 2709) : E-mail record : QR code < ปิดหน้าต่าง
LEADER : 00000nas 2200000uu 4500
001    13399122437
003     ULIB
008    020711s|||| th a 000 0 tha d
022    08585814
110    โรงพยาบาลศรีสังวาลย์
245    วารสารโรงพยาบาลศรีสังวาลย์(วิทยาเขตนครสวรรค์)/^cโรงพยาบาลศรีสังวาลย์
260    แม่ฮ่องสอน :^bโรงพยาบาลศรีสังวาลย์,^cม.ป.ป.
310    ^aรายปี
850 ^a ULIB:campus^bปีที่ 21 ฉบับที่ 1 ;ปีที่ 23 ฉบับที่ 1 ฉ.1 ;ปีที่ 24 ฉบับที่ 1 ฉ.1
945    ^p0^l0^i800520
945    ^p0^l0^i801197
945    ^p0^l0^i801710
999    ^aทศพร เกษรทอง
รายการนี้ยังไม่มีแท็ก
คุณยังไม่ได้ล็อกอิน คุณสามารถมีกิจกรรมร่วมกับเว็บไซต์ได้ แต่ต้องล็อกอินก่อน ::
  ล็อกอิน

รายการสื่อสารสนเทศ (วารสาร)

ดูแบบ: กล่อง รายการ
ARRIVED
ปีที่ 21 ฉบับที่ 1
สถานที่: ห้องสมุดวิทยาเขตสวรรค์ประชารักษ์ >วารสาร
ARRIVED
ปีที่ 23 ฉบับที่ 1 ฉ.1
สถานที่: ห้องสมุดวิทยาเขตนครสวรรค์ >วารสาร
ARRIVED
ปีที่ 24 ฉบับที่ 1 ฉ.1
สถานที่: ห้องสมุดวิทยาเขตนครสวรรค์ >วารสาร

BibComment


ยังไม่เคยถูกคอมเมนท์

คอมเมนท์ทรัพยากรรายการนี้
  คอมเมนท์: วารสารโรงพยาบาลศร..


 Copyright 2026. Bcnsprnw @Library